| 000 | 00373cam a2200145ua 4500 | ||
|---|---|---|---|
| 041 |
_aeng _h |
||
| 082 |
_a928.09 _bGIB/AU |
||
| 100 | _aGibbon, Edward . | ||
| 245 |
_aAutobiography of Edward Gibbon / _cEdward Gibbon. _hTextual Documents |
||
| 260 |
_aLondon : _bOxford University Press , _c1962. |
||
| 300 | _a339 ; . | ||
| 504 | _a | ||
| 942 | _cBK | ||
| 999 |
_c6145 _d6145 |
||